| 000 | 02062cam a2200445 a 4500 | ||
|---|---|---|---|
| 999 |
_c127359 _d127359 |
||
| 001 | 14692908 | ||
| 003 | ARRUPE | ||
| 005 | 20180111122943.0 | ||
| 008 | 070110s2007 enk b 001 0 eng | ||
| 010 | _a 2007001041 | ||
| 015 |
_aGBA722274 _2bnb |
||
| 016 | 7 |
_a013699195 _2Uk |
|
| 020 | _a9780415383301 (hbk. : alk. paper) | ||
| 020 | _a0415383307 (hbk. : alk. paper) | ||
| 020 | _a9780415383318 (pbk. : alk. paper) | ||
| 020 | _a0415383315 (pbk. : alk. paper) | ||
| 020 | _a9780203946008 (ebk.) | ||
| 020 | _a0203946006 (ebk.) | ||
| 035 | _a(OCoLC)ocm79002146 | ||
| 040 |
_aDLC _cDLC _dUKM _dBAKER _dBTCTA _dYDXCP _dBWKUK _dBWK _dSTF _dDLC |
||
| 050 | 0 | 0 |
_aB945.R523 _bP45 2007 |
| 082 | 0 | 0 |
_a191 _222 |
| 100 | 1 |
_aTartaglia, James, _d1973- _938397 |
|
| 245 | 1 | 0 |
_aRoutledge philosophy guidebook to Rorty and the mirror of nature / _cJames Tartaglia. |
| 246 | 1 | 0 | _aRorty and the mirror of nature |
| 260 |
_aLondon ; _aNew York : _bRoutledge, _c2007. |
||
| 300 |
_a257 p. ; _c21 cm. |
||
| 440 | 0 |
_aRoutledge philosophy guidebooks _938398 |
|
| 504 | _aIncludes bibliographical references (p. [241]-251) and index. | ||
| 505 | 0 | _aRorty -- The mirror of nature -- The origins of the mirror -- The antipodeans -- The origins of philosophy -- Linguistic holism -- Naturalized epistemology : psychology -- Naturalized epistemology : language -- Science and pluralism -- The power of strangeness. | |
| 600 | 1 | 0 |
_aRorty, Richard. _tPhilosophy and the mirror of nature. _938399 |
| 650 | 0 |
_aPhilosophy. _938400 |
|
| 650 | 0 |
_aPhilosophy, Modern. _938401 |
|
| 650 | 0 |
_aRepresentation (Philosophy) _920496 |
|
| 650 | 0 |
_aAnalysis (Philosophy) _938402 |
|
| 650 | 0 |
_aCivilization _xPhilosophy. _98014 |
|
| 856 | 4 | 1 |
_3Table of contents only _uhttp://www.loc.gov/catdir/toc/ecip078/2007001041.html |
| 906 |
_a7 _bcbc _corignew _d1 _eecip _f20 _gy-gencatlg |
||
| 942 |
_2lcc _cMONOGRAPH |
||